Tlačiteľné funkčné vrstvy pre elektronické systémy

Enregistré dans:
Détails bibliographiques
Auteur principal: Balušinský, Jakub (Auteur)
Autres auteurs: Dvonka, Vladimír (Directeur de thèse)
Format: Manuscrit Livre
Langue:slovaque
Publié: 2017
Sujets:
Accès en ligne:http://is.stuba.sk/zp/portal_zp.pl?podrobnosti=128674
Tags: Ajouter un tag
Pas de tags, Soyez le premier à ajouter un tag!

MARC

LEADER 00000ntm a22000003a 4500
001 stuzp64817
003 SK-STU
005 20170610211257.5
007 ta
008 150427s2015----xo-----f-mn---000-0-slo-d
040 |a STU  |b slo 
041 0 |a slo 
100 1 |a Balušinský, Jakub  |u 049160  |4 aut  |U FCHPT Ústav prírodných a syntetických polymérov  |T FCHPT Oddelenie polygrafie a aplikovanej fotochémie  |X 60949  |U C9160  |Y 127  |7 60949 
242 0 1 |a Printable functional layers for electronic systems  |y eng 
245 1 0 |a Tlačiteľné funkčné vrstvy pre elektronické systémy 
260 |c 2017 
650 4 |a elektroluminiscenčné displeje  |2 slo 
650 4 |a sieťotlač  |2 slo 
650 4 |a tlačové pasty  |2 slo 
650 4 |a tlačená elektronika  |2 slo 
650 4 |a electroluminescent displays  |2 eng 
650 4 |a screen printing  |2 eng 
650 4 |a printing pastes  |2 eng 
650 4 |a printed electronics  |2 eng 
700 1 |a Dvonka, Vladimír  |u 049160  |k Z2  |4 ths  |U FCHPT Ústav prírodných a syntetických polymérov  |T FCHPT Oddelenie polygrafie a aplikovanej fotochémie  |X 3890  |U C9160  |Y 127  |7 A000003890 
856 4 |u http://is.stuba.sk/zp/portal_zp.pl?podrobnosti=128674